| 000 | 00486 a2200157 4500 | ||
|---|---|---|---|
| 005 | 20250319120346.0 | ||
| 020 | _a0-673-15185-9 | ||
| 082 | _a510 STE | ||
| 100 | _aLIAL, M. L. | ||
| 245 | _aMathematics with Applications in the Management, Natural, and Social Sciences | ||
| 250 | _a2nd Ed. | ||
| 260 |
_aIllinois, _bScott, Foresman and Company, _c1979. |
||
| 300 |
_aviii, 658p.: ill,; figure, table _bBibliography, glossary, index. _c23cm. |
||
| 700 | _aMILLER, C. D. | ||
| 942 |
_2ddc _cBKS |
||
| 999 |
_c959 _d959 |
||